Statistics for Middle Eastern Flags

Click here to take the quiz!

General Stats

  • This quiz has been taken 219 times
  • The average score is 16 of 17

Answer Stats

Answer% Correct
Turkey
100%
Iran
99%
Saudi Arabia
99%
Egypt
98%
Israel
98%
Qatar
97%
Lebanon
96%
Syria
96%
Iraq
95%
Yemen
94%
Cyprus
93%
United Arab Emirates
93%
Jordan
91%
Oman
91%
Bahrain
90%
Kuwait
88%
Palestine
78%

Score Distribution

Percentile by Number Answered

Percent of People with Each Score

Your Score History

You have not taken this quiz